| 000 | 01367 am a2200325ua 4500 | ||
|---|---|---|---|
| 999 |
_c27943 _d27914 |
||
| 001 | 006728417 | ||
| 003 | EG-ScBUE | ||
| 005 | 20191223113310.0 | ||
| 008 | 900620r19901996enka f 000 0 eng d | ||
| 020 | _a0521359899 | ||
| 020 | _a9780521359894 | ||
| 040 |
_aUk _beng _erda _cUk _dEG-ScBUE |
||
| 082 | 0 | 4 |
_a428.24 _bRIC _222 |
| 100 | 1 |
_aRichards, Jack C, _d1943- _eauthor. |
|
| 245 | 1 | 0 |
_aInterchange : _bEnglish for international communication. _n1, _pTeacher's manual / _cJack C. Richards, Jonathan Hull, Susan Proctor. |
| 246 | 3 | 0 | _aTeacher's manual |
| 250 | _aSixth printing. | ||
| 264 | 1 |
_aCambridge, U.K. : _bCambridge University Press, _c1996. |
|
| 300 |
_aviii, 184 pages : _billustrations ; _c25 cm |
||
| 336 |
_atext _2rdacontent _btxt |
||
| 337 |
_aunmediated _2rdamedia _bn |
||
| 338 |
_avolume _2rdacarrier _bnc |
||
| 520 | _aThis is the teacher's manual for "Interchange", level three. "Interchange" is a three-level course for learners of English as a foreign language. The course reflects the interests and needs of adults and young adults, taking them from beginning to high intermediate level. | ||
| 650 | 7 |
_aEnglish language _vTextbooks for foreign speakers. _2BUEsh |
|
| 653 |
_bHHUUEENN _cDecember2019 |
||
| 655 | _vReading book | ||
| 700 | 1 |
_aHull, Jonathan, _eauthor. |
|
| 700 | 1 |
_aProctor, Susan, _d1945- _eauthor. |
|
| 942 |
_2ddc _cBB |
||